书目信息 |
| 题名: |
牧笔临风
|
|
| 作者: | 邵江天 著 | |
| 分册: | ||
| 出版信息: | 成都 四川人民出版社 1998.08 |
|
| 页数: | 355页 | |
| 开本: | 32开 | |
| 丛书名: | ||
| 单 册: | ||
| 中图分类: | I267.3 | |
| 科图分类: | ||
| 主题词: | 散文--中国 , 散文--作品综合集--中国 | |
| 电子资源: | ||
| ISBN: | 7-220-04156-X | |
| 000 | 00569nam0 2200205 45 | |
| 001 | 0008101710 | |
| 005 | 20000810171507.0 | |
| 010 | @a7-220-04156-X@d16.80元 | |
| 100 | @a20000810d1998 km y0chiy0120 ea | |
| 101 | 0 | @achi |
| 105 | @a z 000yy | |
| 200 | 1 | @a牧笔临风@AMu Bi Lin Feng@f邵江天 著@FShao Jiang Tian Zhu |
| 210 | @a成都@c四川人民出版社@d1998.08 | |
| 215 | @a355页@d32开 | |
| 606 | 0 | @a散文@x中国 |
| 606 | 0 | @a散文@x作品综合集@x中国 |
| 690 | @aI267.3@v3 | |
| 701 | 0 | @a邵江天@4著 |
| 801 | @aCN@bPftUser@c20000810 | |
| 905 | @b102972-976@dI267.3@eSH837@f5 | |
| 牧笔临风/邵江天 著.-成都:四川人民出版社,1998.08 |
| 355页;32开 |
| ISBN 7-220-04156-X:16.80元 |
| ● |
| 相关链接 |
|
|
|
正题名:牧笔临风
索取号:I267.3/SH837
 
预约/预借
| 序号 | 登录号 | 条形码 | 馆藏地/架位号 | 状态 | 备注 |
| 1 | 102972 | 201029724 | 社科二线400B/400B社科库 27排4列1层/ [索取号:I267.3/SH837] | 在馆 | |
| 2 | 102973 | 201029733 | 社科二线400B/400B社科库 23排1列1层/ [索取号:I267.3/SH837] | 在馆 | |
| 3 | 102974 | 201029742 | 社科二线400B/400B社科库 27排4列1层/ [索取号:I267.3/SH837] | 在馆 | |
| 4 | 102975 | 201029751 | 社科二线400B/400B社科库 27排3列1层/ [索取号:I267.3/SH837] | 在馆 | |
| 5 | 102976 | 201029760 | 社科二线400B/400B社科库 27排4列1层/ [索取号:I267.3/SH837] | 在馆 |